Statistics for Fairy Tail Dragon Slayers

Click here to take the quiz!

General Stats

  • This quiz has been taken 273 times
  • The average score is 7 of 9

Answer Stats

GenerationAnswer% Correct
FirstNatsu
100%
FirstWendy
99%
FirstGajeel
97%
SecondLaxus
95%
ThirdSting
95%
ThirdRogue
90%
SecondErik
52%
FirstAcnologia
40%
SecondGod Serena
21%

Score Distribution

Percentile by Number Answered

Percent of People with Each Score

Your Score History

You have not taken this quiz